Hinduism : (Record no. 36483)

000 -LEADER
fixed length control field 02812cam a22005297i 4500
001 - CONTROL NUMBER
control field 18784140
005 - DATE AND TIME OF LATEST TRANSACTION
control field 20260115101827.0
008 - FIXED-LENGTH DATA ELEMENTS--GENERAL INFORMATION
fixed length control field 150915t20162016enkab b 001 0 eng d
010 ## - LIBRARY OF CONGRESS CONTROL NUMBER
LC control number 2015952194
015 ## - NATIONAL BIBLIOGRAPHY NUMBER
National bibliography number GBB5H3232
Source bnb
020 ## - INTERNATIONAL STANDARD BOOK NUMBER
International Standard Book Number 9780198745549
Qualifying information (paperback)
International Standard Book Number 0198745540
Qualifying information (paperback)
035 ## - SYSTEM CONTROL NUMBER
System control number (OCoLC)ocn944312856
040 ## - CATALOGING SOURCE
Original cataloging agency NLE
Language of cataloging eng
Transcribing agency NLE
Description conventions rda
Modifying agency OCLCO
-- YDXCP
-- OCLCF
-- FXG
-- CCE
-- S1C
-- UAB
-- TOH
-- BDX
-- VP@
-- CHVBK
-- CUY
-- SINLB
-- A7U
-- IGA
-- OCLCO
-- CNUTO
-- DLC
042 ## - AUTHENTICATION CODE
Authentication code lccopycat
050 00 - LIBRARY OF CONGRESS CALL NUMBER
Classification number BL1202
Item number .K564 2016
082 04 - DEWEY DECIMAL CLASSIFICATION NUMBER
Classification number 294.5
Edition number 23
100 1# - MAIN ENTRY--PERSONAL NAME
Personal name Knott, Kim,
Relator term author.
9 (RLIN) 44846
245 10 - TITLE STATEMENT
Title Hinduism :
Remainder of title a very short introduction /
Statement of responsibility, etc. Kim Knott.
250 ## - EDITION STATEMENT
Edition statement Second edition.
264 #1 - PRODUCTION, PUBLICATION, DISTRIBUTION, MANUFACTURE, AND COPYRIGHT NOTICE
Place of production, publication, distribution, manufacture Oxford :
Name of producer, publisher, distributor, manufacturer Oxford University Press,
Date of production, publication, distribution, manufacture, or copyright notice 2016.
Date of production, publication, distribution, manufacture, or copyright notice ©2016
300 ## - PHYSICAL DESCRIPTION
Extent xviii, 138 pages :
Other physical details illustrations, map ;
Dimensions 18 cm
336 ## - CONTENT TYPE
Content type term text
Content type code txt
Source rdacontent
Content type term still image
Content type code sti
Source rdacontent
337 ## - MEDIA TYPE
Media type term unmediated
Media type code n
Source rdamedia
338 ## - CARRIER TYPE
Carrier type term volume
Carrier type code nc
Source rdacarrier
490 1# - SERIES STATEMENT
Series statement Very short introductions ;
Volume/sequential designation 5
500 ## - GENERAL NOTE
General note S-KN: Ashin Khemānanda
General note Previous edition: 1998.
504 ## - BIBLIOGRAPHY, ETC. NOTE
Bibliography, etc. note Includes bibliographical references (pages 121-130) and index.
505 0# - FORMATTED CONTENTS NOTE
Formatted contents note The scholar and the devotee -- Revelation and the transmission of knowledge -- Understanding the self -- Divine heroes : the epic tradition -- The divine presence -- Hinduism, colonialism, and modernity -- Challenges to Hinduism : women and dalits -- Crossing the black waters : Hinduism beyond India -- Hindu dharma, Hinduism, and Hinduisms -- Appendix: The six philosophical systems (darshana) -- Timeline -- Glossary.
520 ## - SUMMARY, ETC.
Summary, etc. Hinduism is practiced by about 80 percent of India's population, and by about 30 million people outside India. But how is Hinduism defined, and what basis does the religion have? In this Very Short Introduction, Kim Knott provides clear insight into the beliefs and authority of Hindus and Hinduism, and considers the ways in which it has been affected by colonialism and modernity. The author also considers the challenges posed to Hinduism at the end of the twentieth century as it spreads far beyond India, and as concerns are raised about issues such as dowry, death, caste prejudice, and the place of women in Hindu society.
Assigning source Publisher description
650 #0 - SUBJECT ADDED ENTRY--TOPICAL TERM
Topical term or geographic name entry element Hinduism.
9 (RLIN) 5912
Topical term or geographic name entry element RELIGION / Hinduism.
9 (RLIN) 44847
Topical term or geographic name entry element Hinduism.
9 (RLIN) 5912
Topical term or geographic name entry element Hinduismus
9 (RLIN) 44848
Topical term or geographic name entry element Einführung
9 (RLIN) 44849
Source of heading or term bisacsh
Source of heading or term fast
Authority record control number or standard number (OCoLC)fst00957121
Source of heading or term gnd
Source of heading or term gnd
830 #0 - SERIES ADDED ENTRY--UNIFORM TITLE
Uniform title Very short introductions ;
Volume/sequential designation 5.
9 (RLIN) 5713
906 ## - LOCAL DATA ELEMENT F, LDF (RLIN)
a 7
b cbc
c copycat
d 2
e epcn
f 20
g y-gencatlg
942 ## - ADDED ENTRY ELEMENTS (KOHA)
Source of classification or shelving scheme
Koha item type Book (Short term)
Holdings
Withdrawn status Lost status Source of classification or shelving scheme Damaged status Not for loan Collection code Permanent Location Current Location Shelving location Date acquired Total Checkouts Full call number Barcode Date last seen Price effective from Koha item type Accession
          English Collection Shan State Buddhist University Library Shan State Buddhist University Library English Shelves 20/06/2024   294.5 Kn 8925 EB00008925 20/06/2024 20/06/2024 Book (Short term) 8925

Library - 09407999929
Admin Office - 09407999979
Dean Office - 09250910768
Registrar Office - 09892297154
Email - [email protected]
Shan State Buddhist University, Phaya Phyu Taunggyi, Shan State, Myanmar.